|
|
|
|
| LEADER |
01192cam a2200277 i 4500 |
| 003 |
GR-PaULI |
| 005 |
20210117210431.0 |
| 008 |
150609s2016 enk b 001 0 eng |
| 020 |
|
|
|a 9781472510921 (pb)
|
| 020 |
|
|
|z 9781472511119 (epdf)
|
| 020 |
|
|
|z 9781472512628 (epub)
|
| 040 |
|
|
|a DLC
|b gre
|c DLC
|d DLC
|d GR-PaULI
|e AACR2
|
| 082 |
0 |
0 |
|a 183.1
|2 23
|
| 100 |
1 |
|
|a Silvermintz, Daniel.
|9 163557
|e συγγραφέας
|
| 245 |
1 |
0 |
|a Protagoras /
|c Daniel Silvermintz.
|
| 260 |
|
|
|a London :
|b Bloomsbury,
|c 2016.
|
| 300 |
|
|
|a x, 93 σ ;
|c 22 εκ.
|
| 490 |
0 |
|
|a Ancients in action
|
| 504 |
|
|
|a Περιλαμβάνει βιβλιογραφία και ευρετήριο.
|
| 505 |
0 |
|
|a From humble beginnings to celebrated teacher -- Protagoras and Pericles -- Protagoras' secret teaching.
|
| 600 |
|
4 |
|a Πρωταγόρας
|9 44152
|d 485-420
|
| 650 |
|
4 |
|a Σοφιστές (Ελληνική φιλοσοφία)
|9 7915
|
| 942 |
|
|
|2 ddc
|c BK15
|
| 952 |
|
|
|0 0
|1 0
|2 ddc
|4 0
|6 183_100000000000000_SIL
|7 0
|9 214470
|a PHIL
|b PHIL
|d 2017-08-02
|i 11987
|l 2
|m 1
|o 183.1 SIL
|p 025000242748
|r 2018-10-30 00:00:00
|s 2018-10-16
|t 1
|v 2017.00
|w 2017-08-02
|y BK15
|
| 998 |
|
|
|c ΚΑΝΕΛΛΟΠΟΥΛΟΥ
|d 2017-08
|
| 999 |
|
|
|c 130329
|d 130329
|